000 00360nam a2200133Ia 4500
008 210430s9999 xx 000 0 und d
020 _a9788131407608
082 _a363.72 W312 W
100 _aAmrita Chakraborty
_954299
245 _aWaste Management an Overview /
_cAmrita Chakraborty
260 _aIndia
_bIcfai
_c2010
300 _a264p
942 _cBK
_2ddc
999 _c564797
_d564797